| 000 | 00332nam a2200133Ia 4500 | ||
|---|---|---|---|
| 008 | 210210b1984 xxu||||| |||| 00| 0 eng d | ||
| 082 | _a001.6424Co ROYC | ||
| 100 | _aROY (M K) and DASTIDAR (D Ghosh). | ||
| 245 | _aCobol programming. | ||
| 260 |
_aND _bT M H _c1984 |
||
| 300 | _a421 | ||
| 690 | _aComputer Science | ||
| 906 | _a036808 | ||
| 999 |
_c87373 _d87373 |
||